| 000 | 00663nam a2200169 4500 | ||
|---|---|---|---|
| 001 | 143360 | ||
| 003 | ES-MaACL | ||
| 005 | 20230906200805.0 | ||
| 007 | t| | ||
| 008 | 070214s1950 sp r ||||1| spa d | ||
| 100 | 1 |
_aSerrano Guirado, Enrique. _9105764 |
|
| 245 | 1 | 4 |
_aLas características de la Administración en el nuevo Estado _b: discurso de apertura del curso académico de 1950 a 1951 en la Academia de San Raimundo de Peñafort / _cpronunciado por Enrique Serrano Guirado. |
| 260 |
_aMadrid : _b[s. n.], _c1950 ( _fLuis de Olmo) |
||
| 300 | _a45 p. | ||
| 710 | 2 |
_aAcademia San Raimundo de Peñafort (Vigo) _91220 |
|
| 852 |
_aES-MaACL _j1924-F-3 _bR.30420 |
||
| 999 |
_c143360 _d143360 |
||